[Event "Netanya"]
[Site "Netanya ISR"]
[Date "1975.??.??"]
[Round "?"]
[White "Timman, Jan H"]
[Black "Bleiman, Yaacov"]
[Result "1-0"]
[WhiteElo "2510"]
[BlackElo "2455"]
[PlyCount "109"]
[EventDate "1975.??.??"]
[Source "www.chesslib.no"]
[SourceDate "2004.05.04"]

1. d4 Nf6 2. c4 g6 3. Nc3 Bg7 4. e4 d6 5. f3 O-O 6. Be3 e5 7. d5 Nh5 8. Qd2 c6 9. O-O-O cxd5 10. Qxd5 Nc6 11. Qxd6 Qa5 12. Qc5 Bh6 13. Kb1 Bxe3 14. Qxe3 f5 15. Nge2 f4 16. Qd2 Be6 17. Nd5 Qd8 18. Nc1 Nf6 19. Nd3 Nd7 20. Be2 a5 21. g3 fxg3 22. hxg3 Rf7 23. Qe3 Rc8 24. f4 Qf8 25. Rh4 a4 26. Rc1 Qg7 27. Bg4 Bxg4 28. Rxg4 a3 29. b3 Qh6 30. Rg5 Rcf8 31. f5 Rg7 32. Rf1 Qh3 33. Qc1 h6 34. Nf2 Qg2 35. Rg4 gxf5 36. Rxg7+ Kxg7 37. Ne3 Qf3 38. Nxf5+ Rxf5 39. exf5 Nd4 40. Qxa3 Qxf5+ 41. Kb2 Nf6 42. Qe7+ Kg6 43. g4 Qc2+ 44. Ka3 Qe2 45. Nd3 Nc2+ 46. Ka4 Qxf1 47. Nxe5+ Kg5 48. Nd7 Kg6 49. Ne5+ Kg5 50. Qxb7 Kh4 51. Qg7 Kg3 52. g5 Qa1 53. gxf6+ Kf2 54. Nd3+ Ke2 55. Nb4 1-0

[Event "Terrasa op"]
[Site "Terrasa"]
[Date "1999.??.??"]
[Round "7"]
[White "Gual Pascual, Antonio"]
[Black "Comas Fabrego, Luis"]
[Result "1/2-1/2"]
[WhiteElo "2420"]
[BlackElo "2541"]
[PlyCount "62"]
[EventDate "1999.??.??"]
[Source "www.chesslib.no"]
[SourceDate "2004.05.04"]

1. d4 Nf6 2. c4 g6 3. Nc3 Bg7 4. e4 d6 5. f3 O-O 6. Be3 Nbd7 7. Nh3 e5 8. d5 Nh5 9. g4 Nf4 10. Nxf4 exf4 11. Bxf4 Ne5 12. Be2 f5 13. exf5 gxf5 14. O-O Bd7 15. gxf5 Bxf5 16. Rf2 Ng6 17. Be3 Qh4 18. Rg2 Rae8 19. Bf2 Qf6 20. Qd4 Nh4 21. Rg3 Bg4 22. Rd1 Nf5 23. Rh3 Qe5 24. Bd3 Qe2 25. Bxf5 Bxf5 26. Rg3 Bg6 27. Nb5 Be5 28. Rh3 Bf5 29. Rh5 Bg6 30. Rh3 Bf5 31. Rh5 Bg6 1/2-1/2

[Event "25th Open"]
[Site "Oberwart"]
[Date "2003.??.??"]
[Round "5"]
[White "Stanec, Nikolaus"]
[Black "Pingitzer, Harald"]
[Result "1-0"]
[WhiteElo "2560"]
[BlackElo "2395"]
[PlyCount "111"]
[EventDate "2003.07.05"]
[Source "Roberto Alvarez"]
[SourceDate "2003.07.14"]

1. d4 Nf6 2. c4 g6 3. Nc3 Bg7 4. e4 d6 5. f3 Nbd7 6. Be3 e5 7. d5 O-O 8. Bd3 Nh5 9. Qd2 f5 10. O-O-O f4 11. Bf2 a6 12. Nge2 Nc5 13. Bc2 b6 14. b4 Nd7 15. Ba4 a5 16. a3 h6 17. Bc6 axb4 18. axb4 Qg5 19. Rhg1 Ra1+ 20. Kb2 Rxd1 21. Qxd1 Nb8 22. Qa4 Nxc6 23. Qxc6 Rf7 24. Bxb6 Qd8 25. Bf2 Bd7 26. Qa6 g5 27. h3 Nf6 28. Ra1 Qe7 29. Qb7 Be8 30. Ra8 h5 31. Nb5 Kh7 32. Nec3 g4 33. hxg4 Bxb5 34. Nxb5 Nxe4 35. fxe4 f3 36. g3 Qg5 37. Ra2 Qd2+ 38. Kb3 Qd1+ 39. Rc2 Qb1+ 40. Rb2 Qxe4 41. Qa7 h4 42. Nc3 Qd3 43. gxh4 Rf4 44. Qe3 Qxc4+ 45. Kc2 e4 46. g5 Rg4 47. Rb3 c6 48. h5 cxd5 49. g6+ Kg8 50. Ra3 Qc8 51. Qa7 e3 52. Qf7+ Kh8 53. h6 Rxg6 54. Qxg6 Be5 55. Bxe3 d4 56. Qe4 1-0

[Event "San Sebastian op"]
[Site "?"]
[Date "1996.??.??"]
[Round "?"]
[White "Razuvaev Yuri S"]
[Black "Ivanov Mikhail M"]
[Result "1-0"]
[WhiteElo "2580"]
[BlackElo "2375"]
[PlyCount "55"]
[EventDate "1996.??.??"]
[Source "www.chesslib.no"]
[SourceDate "2004.05.04"]

1. d4 Nf6 2. c4 g6 3. Nc3 Bg7 4. e4 d6 5. f3 O-O 6. Be3 e5 7. d5 Nh5 8. Qd2 f5 9. exf5 gxf5 10. O-O-O a6 11. Bh6 Bxh6 12. Qxh6 Qe8 13. Nh3 Ng7 14. Bd3 Nd7 15. g4 Nf6 16. Rhg1 fxg4 17. fxg4 e4 18. Nxe4 Nxg4 19. Nf6+ Rxf6 20. Qxh7+ Kf8 21. Qh8+ Ke7 22. Rde1+ Ne5 23. Rxg7+ Rf7 24. Rg8 Rf8 25. Qh4+ Kd7 26. Rg7+ Qf7 27. Bf5+ Ke8 28. Bg6 1-0

[Event "St Martin simul"]
[Site "St Martin"]
[Date "1992.??.??"]
[Round "?"]
[White "Karpov, Anatoly"]
[Black "Jacques, Robert"]
[Result "0-1"]
[WhiteElo "2725"]
[BlackElo "2230"]
[PlyCount "144"]
[EventDate "1992.??.??"]
[Source "www.chesslib.no"]
[SourceDate "2004.05.04"]

1. c4 g6 2. d4 Nf6 3. Nc3 Bg7 4. e4 d6 5. f3 O-O 6. Be3 e5 7. d5 Ne8 8. Qd2 f5 9. O-O-O f4 10. Bf2 Bd7 11. Bd3 Na6 12. Nge2 Nc5 13. Bc2 a5 14. b3 Qb8 15. Nb5 Rf7 16. Nec3 Bf8 17. Na3 Na6 18. Bd3 Nb4 19. Be2 c6 20. Na4 c5 21. Nb6 Ra6 22. Nxd7 Rxd7 23. Nb5 a4 24. a3 axb3 25. axb4 Ra1+ 26. Kb2 Ra2+ 27. Kxb3 Rxd2 28. Rxd2 Nc7 29. bxc5 dxc5 30. Ra1 Nxb5 31. cxb5 c4+ 32. Bxc4 Qd6 33. Ra4 Rc7 34. b6 Rc8 35. Rb2 Be7 36. Kc3 g5 37. Kd3 h5 38. Rba2 g4 39. Ra8 Rxa8 40. Rxa8+ Kg7 41. Ra7 Kg6 42. Ra4 Bd8 43. Bb5 Bxb6 44. Be8+ Kg5 45. Be1 Qc5 46. Bd2 gxf3 47. gxf3 Qf2 48. d6 Qxf3+ 49. Kc2 Qg2 50. d7 Kg4 51. Ra3 Qxe4+ 52. Rd3 f3 53. Be3 Bd8 54. Bf7 b5 55. Be6+ Kh4 56. Bd5 Qa4+ 57. Bb3 Qg4 58. Bd5 Kh3 59. Bd2 e4 60. Re3 Kxh2 61. Rxe4 f2 62. Rf4 Kg3 63. Rf8 Bb6 64. Rf6 Bd8 65. Rf8 Qxd7 66. Rf3+ Kg2 67. Rd3+ Qxd5 68. Rxd5 f1=Q 69. Rxd8 Qc4+ 70. Kb2 h4 71. Rd6 Qg4 72. Rd5 h3 0-1

[Event "Sankt_Peterburg"]
[Site "?"]
[Date "1994.??.??"]
[Round "?"]
[White "Atalik, S."]
[Black "Avrukh, B."]
[Result "1/2-1/2"]
[WhiteElo "2530"]
[BlackElo "2425"]
[PlyCount "77"]
[EventDate "1994.??.??"]
[Source "ChessBase"]
[SourceDate "1994.02.01"]

1. d4 Nf6 2. c4 g6 3. Nc3 Bg7 4. e4 d6 5. f3 O-O 6. Be3 Nbd7 7. Nh3 e5 8. d5 Nh5 9. g4 Nf4 10. Nxf4 exf4 11. Bxf4 f5 12. gxf5 gxf5 13. Qd2 fxe4 14. Nxe4 Ne5 15. Be2 Bf5 16. O-O-O Bxe4 17. fxe4 Qh4 18. Rhf1 Rxf4 19. Rxf4 Qxh2 20. Kb1 Bh6 21. Rf2 Qxf2 22. Qxh6 Qxe2 23. Rg1+ Ng4 24. Qe6+ Kh8 25. Qxg4 Qxg4 26. Rxg4 Rg8 27. Rf4 Rg1+ 28. Kc2 Kg7 29. e5 dxe5 30. Rf5 Re1 31. Kd3 a5 32. a3 c6 33. b4 axb4 34. axb4 cxd5 35. cxd5 b5 36. d6 Kg6 37. Kc2 Re4 38. d7 Rd4 39. Rxe5 1/2-1/2

[Event "NED Ch"]
[Site "NED"]
[Date "1993.??.??"]
[Round "?"]
[White "Ree, Hans"]
[Black "Nijboer, Friso"]
[Result "0-1"]
[WhiteElo "2445"]
[BlackElo "2505"]
[PlyCount "44"]
[EventDate "1993.06.??"]
[Source "www.chesslib.no"]
[SourceDate "2004.05.04"]

1. d4 Nf6 2. c4 g6 3. Nc3 Bg7 4. e4 d6 5. f3 O-O 6. Be3 e5 7. d5 Nh5 8. Qd2 f5 9. O-O-O a6 10. Bd3 c5 11. Nge2 Bd7 12. exf5 gxf5 13. Bh6 Qf6 14. Bxg7 Nxg7 15. g4 b5 16. gxf5 Bxf5 17. Ne4 Bxe4 18. fxe4 Nd7 19. Nc3 b4 20. Ne2 Qh4 21. Rdg1 Rf2 22. Qg5 Rf1+ 0-1

[Event "Zalakaros op 17th"]
[Site "?"]
[Date "1998.??.??"]
[Round "?"]
[White "Csiszar Csaba"]
[Black "Horvath Csaba"]
[Result "1/2-1/2"]
[WhiteElo "2410"]
[BlackElo "2535"]
[PlyCount "66"]
[EventDate "1998.??.??"]
[Source "www.chesslib.no"]
[SourceDate "2004.05.04"]

1. d4 Nf6 2. c4 d6 3. Nc3 Nbd7 4. e4 e5 5. d5 g6 6. Be3 Bg7 7. f3 O-O 8. Nge2 Nb6 9. Ng3 h5 10. Bd3 Bd7 11. Qd2 c6 12. O-O cxd5 13. cxd5 a6 14. a4 Rc8 15. b3 h4 16. Nge2 Nh5 17. Na2 Na8 18. Rac1 f5 19. Rxc8 Bxc8 20. f4 g5 21. fxe5 f4 22. Bd4 dxe5 23. Bc5 Rf6 24. Qc3 Bg4 25. Bc4 Kh8 26. Qb4 Rf7 27. d6 Rd7 28. h3 Bxe2 29. Bxe2 Ng3 30. Bg4 Nxf1 31. Bxd7 Qxd7 32. Kxf1 g4 33. hxg4 b6 1/2-1/2

[Event "Berlin GER"]
[Site "Berlin GER"]
[Date "1989.??.??"]
[Round "?"]
[White "Lukov, Valentin"]
[Black "Komljenovic, Davor"]
[Result "1-0"]
[WhiteElo "2470"]
[BlackElo "2470"]
[PlyCount "109"]
[EventDate "1989.??.??"]
[Source "www.chesslib.no"]
[SourceDate "2004.05.04"]

1. d4 Nf6 2. c4 g6 3. Nc3 Bg7 4. e4 d6 5. f3 O-O 6. Be3 e5 7. d5 Nh5 8. Qd2 Qh4+ 9. Bf2 Qe7 10. Nge2 f5 11. O-O-O Nd7 12. h3 f4 13. Kb1 Nb6 14. Nc1 Ng3 15. Bxg3 fxg3 16. Qe1 Nd7 17. Qxg3 Nf6 18. h4 Bh6 19. Qe1 Rf7 20. Nd3 Nd7 21. Qf2 a5 22. Ne1 Nc5 23. g3 Bd7 24. Bh3 Bxh3 25. Rxh3 Raf8 26. Qe2 Qd7 27. Rh2 Rf6 28. Rh1 R8f7 29. h5 Bg5 30. hxg6 hxg6 31. Nb5 Rh7 32. Nd3 Nxd3 33. Qxd3 Qf7 34. Rxh7 Qxh7 35. Qe2 Rf7 36. Qg2 Qh5 37. g4 Qh8 38. Rh1 Qf6 39. Qh3 Be3 40. g5 Bxg5 41. Qc8+ Qd8 42. Qe6 Kg7 43. Rh7+ Kxh7 44. Qxf7+ Kh6 45. Nxc7 Qe7 46. Qxe7 Bxe7 47. Ne6 Kh5 48. Kc2 Kh4 49. Kd3 Kg3 50. Ke2 g5 51. Ng7 Kg2 52. Nf5 Bf8 53. Ne3+ Kg3 54. Ng4 a4 55. Ne3 1-0

[Event "Barcza Memorial"]
[Site "Debrecen"]
[Date "1987.??.??"]
[Round "6"]
[White "Karolyi, Tibor jr"]
[Black "Uhlmann, Wolfgang"]
[Result "1/2-1/2"]
[WhiteElo "2420"]
[BlackElo "2520"]
[PlyCount "79"]
[EventDate "1987.06.21"]
[Source "www.chesslib.no"]
[SourceDate "2004.05.04"]

1. d4 Nf6 2. c4 g6 3. Nc3 Bg7 4. e4 d6 5. f3 O-O 6. Be3 e5 7. d5 c5 8. g4 h5 9. h3 Nbd7 10. Bd3 a6 11. a4 Nh7 12. a5 h4 13. Qd2 Bf6 14. Na4 Bg5 15. Bxg5 Nxg5 16. b4 cxb4 17. Qxb4 Qe7 18. O-O-O Nc5 19. Nxc5 dxc5 20. Qb6 Rd8 21. Rh2 Qd6 22. Qxd6 Rxd6 23. f4 exf4 24. e5 Rd8 25. Rf2 Re8 26. Re1 Rb8 27. Rxf4 Kg7 28. Rf6 Bd7 29. Rb6 Re7 30. Kd2 Ba4 31. Ra1 Be8 32. Rab1 Rxe5 33. Rxb7 Rxb7 34. Rxb7 Ne4+ 35. Bxe4 Rxe4 36. Nf3 Rf4 37. Ke3 Rxc4 38. d6 Rc3+ 39. Ke2 Rc2+ 40. Ke3 1/2-1/2

[Event "Iit"]
[Site "Donskoj"]
[Date "2002.??.??"]
[Round "8"]
[White "Tishin, Petr"]
[Black "Poletov, Vladimir"]
[Result "1/2-1/2"]
[WhiteElo "2498"]
[BlackElo "2434"]
[PlyCount "57"]
[EventDate "2002.11.??"]
[Source "Roberto Alvarez"]
[SourceDate "2003.02.17"]

1. d4 Nf6 2. c4 g6 3. Nc3 Bg7 4. e4 d6 5. f3 O-O 6. Be3 e5 7. d5 Nh5 8. Qd2 f5 9. O-O-O Nd7 10. Bd3 a6 11. Nge2 Nc5 12. Bc2 b5 13. b4 Nd7 14. cxb5 axb5 15. Nxb5 Rxa2 16. Nec3 Ra8 17. Kb2 Nb6 18. Bxb6 cxb6 19. Ra1 Bb7 20. Rxa8 Bxa8 21. Ra1 Bf6 22. Ra7 Bg5 23. Qd1 Ng7 24. Nc7 Qb8 25. N3b5 Bb7 26. Qg1 Bc8 27. Ra8 Qb7 28. Ra7 Qb8 29. Ra8 1/2-1/2

[Event "Swidnica op-A"]
[Site "?"]
[Date "2000.??.??"]
[Round "5"]
[White "Czerwonski Aleksander"]
[Black "Agamaliev Gamil"]
[Result "0-1"]
[WhiteElo "2410"]
[BlackElo "2520"]
[PlyCount "80"]
[EventDate "2000.??.??"]
[Source "www.chesslib.no"]
[SourceDate "2004.05.04"]

1. d4 Nf6 2. c4 g6 3. Nc3 Bg7 4. e4 d6 5. f3 O-O 6. Be3 Nbd7 7. Nh3 e5 8. d5 Nh5 9. g4 Nf4 10. Nxf4 exf4 11. Bxf4 Ne5 12. Be2 f5 13. gxf5 gxf5 14. Rg1 Qh4+ 15. Bg3 Qf6 16. exf5 Bxf5 17. Qd2 Bg6 18. f4 Nd7 19. O-O-O Nc5 20. h4 Qf5 21. h5 Bxc3 22. Qxc3 Qb1+ 23. Kd2 Ne4+ 24. Ke1 Nxc3 25. Rxb1 Nxe2 26. Kxe2 Rae8+ 27. Kf3 Be4+ 28. Kf2 Bxb1 29. Rxb1 Re4 30. Rc1 Rfe8 31. Rc2 Kf7 32. c5 Kf6 33. cxd6 cxd6 34. Rc7 Re2+ 35. Kf1 Kf5 36. Rxb7 R8e7 37. Rb8 Rd2 38. a4 Re3 39. Bf2 Rf3 40. Rf8+ Ke4 0-1

[Event "Rubinstein mem"]
[Site "Polanica Zdroj"]
[Date "1974.??.??"]
[Round "4"]
[White "Knaak, Rainer"]
[Black "Doda, Zbigniew"]
[Result "1-0"]
[WhiteElo "2515"]
[BlackElo "2410"]
[PlyCount "121"]
[EventDate "1974.08.??"]
[Source "ChessBase"]

1. d4 Nf6 2. c4 c5 3. d5 g6 4. Nc3 d6 5. e4 Bg7 6. Bd3 e5 7. f3 Nh5 8. Nge2 O-O 9. Be3 Nd7 10. Qd2 a6 11. O-O-O Qa5 12. h4 b5 13. cxb5 axb5 14. Bxb5 Nb6 15. Bd3 Ba6 16. g4 Nf4 17. Nxf4 exf4 18. Bxf4 Rfd8 19. Rh2 Na4 20. Nxa4 Qxa4 21. Bxa6 Rxa6 22. b3 Qa3+ 23. Kb1 c4 24. Qc2 cxb3 25. Qxb3 Qc5 26. Bd2 Qc7 27. Bb4 Rda8 28. Rc2 Qa7 29. Rc4 Ra3 30. Rc8+ Rxc8 31. Qxa3 Qf2 32. Qb3 Rb8 33. a3 Qxh4 34. Ka2 Qf2+ 35. Rd2 Qf1 36. Qd3 Qa1+ 37. Kb3 Rc8 38. Ka4 Qc1 39. Bxd6 Bf8 40. Bxf8 Kxf8 41. Kb3 Qa1 42. d6 Rb8+ 43. Kc4 Rc8+ 44. Kd5 Qf6 45. e5 Qe6+ 46. Kd4 f6 47. Qb5 fxe5+ 48. Ke3 e4 49. Qb4 exf3+ 50. Kxf3 Kg8 51. d7 Rd8 52. Qd6 Qe1 53. Qd5+ Kg7 54. Qd4+ Kg8 55. Kg2 Qe7 56. Qd5+ Kg7 57. a4 h5 58. g5 h4 59. a5 Qe1 60. Qd4+ Kg8 61. Qc4+ 1-0

[Event "St Martin Open"]
[Site "St Martin"]
[Date "1991.??.??"]
[Round "9"]
[White "Fedorowicz, John P"]
[Black "Remlinger, Larry"]
[Result "1-0"]
[WhiteElo "2555"]
[BlackElo "2365"]
[PlyCount "102"]
[EventDate "1991.??.??"]
[Source "www.chesslib.no"]
[SourceDate "2004.05.04"]

1. d4 Nf6 2. c4 g6 3. Nc3 Bg7 4. e4 d6 5. f3 O-O 6. Be3 e5 7. d5 Nh5 8. Qd2 Qh4+ 9. Bf2 Qe7 10. O-O-O f5 11. Kb1 Nd7 12. Nge2 Ndf6 13. exf5 gxf5 14. Nc1 Bd7 15. h3 Rae8 16. g4 Nf4 17. Be3 Ng6 18. Nb3 f4 19. Bf2 e4 20. Nxe4 Nxe4 21. fxe4 Qxe4+ 22. Bd3 Qg2 23. Qc2 c5 24. dxc6 Bxc6 25. Rhg1 Qxh3 26. Nd4 Bxd4 27. Bxd4 Ne5 28. Bxe5 Rxe5 29. Ka1 Qh4 30. g5 Rxg5 31. Bxh7+ Kg7 32. Be4 Rxg1 33. Rxg1+ Kf7 34. Bxc6 bxc6 35. Qf5+ Qf6 36. Qd7+ Qe7 37. Rg7+ Kxg7 38. Qxe7+ Rf7 39. Qxd6 f3 40. Qg3+ Kh6 41. Qf2 Kg5 42. Kb1 Rf5 43. Kc2 c5 44. Kd2 Kg4 45. Ke1 Re5+ 46. Kf1 Rh5 47. Qg1+ Kf4 48. Kf2 Rh3 49. b4 cxb4 50. c5 a5 51. c6 a4 1-0

[Event "Novi Sad ol (Men)"]
[Site "Novi Sad YUG"]
[Date "1990.??.??"]
[Round "5"]
[White "Knaak, Rainer F A"]
[Black "Djurhuus, Rune"]
[Result "1-0"]
[WhiteElo "2515"]
[BlackElo "2405"]
[PlyCount "113"]
[EventDate "1990.11.??"]
[Source "www.chesslib.no"]
[SourceDate "2004.05.04"]

1. d4 Nf6 2. c4 g6 3. Nc3 Bg7 4. e4 d6 5. f3 O-O 6. Be3 e5 7. d5 Nh5 8. Qd2 Qh4+ 9. Bf2 Qf4 10. Be3 Qh4+ 11. Bf2 Qf4 12. Qc2 Qg5 13. c5 f5 14. cxd6 cxd6 15. Nb5 fxe4 16. fxe4 Na6 17. Nf3 Qf4 18. Nxd6 Bg4 19. Be2 Qf6 20. Nc4 Nf4 21. Ne3 Nb4 22. Qd2 Bxf3 23. gxf3 Nxe2 24. Qxe2 Qxf3 25. Qxf3 Rxf3 26. Ke2 Rf4 27. a3 Na6 28. Rac1 Raf8 29. Nd1 Rxe4+ 30. Kd3 Rg4 31. Bxa7 e4+ 32. Kc2 Nc7 33. Ne3 Rg5 34. Rhd1 Nb5 35. Bb6 Rf2+ 36. Rd2 Rxd2+ 37. Kxd2 Rh5 38. Rc8+ Kf7 39. a4 Rxh2+ 40. Ke1 Bd4 41. Rb8 Bxb6 42. Rxb7+ Ke8 43. Rxb6 Nd4 44. a5 Kd7 45. a6 Kc7 46. Rb7+ Kc8 47. Rb4 Nf3+ 48. Kd1 Rh1+ 49. Kc2 Ra1 50. Rb6 Kc7 51. Nc4 e3 52. d6+ Kd7 53. Kd3 e2 54. Kxe2 Nd4+ 55. Kd3 Nc6 56. b4 Nd8 57. Na5 1-0

[Event "CCCA-70 9194"]
[Site "CCCA-70 9194"]
[Date "1991.??.??"]
[Round "?"]
[White "Ma, Paul"]
[Black "Persidskij, A."]
[Result "1-0"]
[WhiteElo "2420"]
[BlackElo "2490"]
[PlyCount "63"]
[EventDate "1991.??.??"]
[Source "www.chesslib.no"]
[SourceDate "2004.05.04"]

1. d4 Nf6 2. c4 g6 3. Nc3 Bg7 4. e4 d6 5. f3 O-O 6. Be3 e5 7. d5 Nh5 8. Qd2 f5 9. O-O-O Nd7 10. exf5 gxf5 11. Bd3 Ndf6 12. Nge2 a6 13. Bg5 Qe8 14. Ng3 Nxg3 15. hxg3 Nh5 16. Rh3 Qg6 17. Rdh1 Nf6 18. Bxf6 Bxf6 19. Rxh7 e4 20. R7h6 Qg5 21. Rh8+ Kf7 22. R8h7+ Ke8 23. fxe4 Qxg3 24. Kb1 Bg7 25. exf5 Rxf5 26. Qc2 Re5 27. Bg6+ Kf8 28. Rf1+ Kg8 29. Rhh1 Bh6 30. Rxh6 Re1+ 31. Rxe1 Qxe1+ 32. Nd1 1-0

[Event "Hlohovec Open"]
[Site "Hlohovec"]
[Date "1994.??.??"]
[Round "?"]
[White "Priehoda, Vitezslav"]
[Black "Golod, Vitali"]
[Result "1/2-1/2"]
[WhiteElo "2400"]
[BlackElo "2510"]
[PlyCount "72"]
[EventDate "1994.??.??"]
[Source "www.chesslib.no"]
[SourceDate "2004.05.04"]

1. d4 Nf6 2. c4 g6 3. Nc3 Bg7 4. e4 d6 5. f3 O-O 6. Be3 e5 7. d5 Nh5 8. Qd2 f5 9. O-O-O Nd7 10. exf5 gxf5 11. Bd3 Nc5 12. Bc2 Qh4 13. b3 Qf6 14. Nge2 a5 15. Rhg1 Kh8 16. g4 Nf4 17. gxf5 Nxe2+ 18. Qxe2 Bxf5 19. Rg3 Bh6 20. Bxf5 Bxe3+ 21. Qxe3 Qxf5 22. Kb2 a4 23. b4 a3+ 24. Ka1 Na6 25. Ne4 Nxb4 26. Qb3 Na6 27. Rdg1 b6 28. Qxa3 Nc5 29. Qe3 Nxe4 30. fxe4 Qf4 31. Qe2 Rg8 32. Rxg8+ Rxg8 33. Rxg8+ Kxg8 34. Kb2 Kg7 35. Kb3 h5 36. Kb4 h4 1/2-1/2

[Event "Zalaegerszeg Open"]
[Site "Zalaegerszeg"]
[Date "1992.??.??"]
[Round "?"]
[White "Horvath, Gyula"]
[Black "Horvath, Csaba"]
[Result "1-0"]
[WhiteElo "2420"]
[BlackElo "2485"]
[PlyCount "63"]
[EventDate "1992.??.??"]
[Source "www.chesslib.no"]
[SourceDate "2004.05.04"]

1. c4 g6 2. Nc3 Bg7 3. d4 Nf6 4. e4 d6 5. f3 O-O 6. Be3 e5 7. d5 Nh5 8. Qd2 Qh4+ 9. Bf2 Qe7 10. O-O-O f5 11. Nge2 Nd7 12. Kb1 Ndf6 13. exf5 gxf5 14. Ka1 Bd7 15. Ng3 Nf4 16. Qc2 e4 17. fxe4 fxe4 18. Re1 Rae8 19. h3 e3 20. Rxe3 Qxe3 21. Bxe3 Rxe3 22. Qf2 Rxc3 23. bxc3 N6h5 24. Nxh5 Nxh5 25. Qh4 Bxc3+ 26. Kb1 Bf5+ 27. Kc1 Re8 28. Kd1 Re4 29. g4 Rd4+ 30. Kc1 Be4 31. Rg1 Rd2 32. gxh5+ 1-0

[Event "EU-chT (Men)"]
[Site "Debrecen"]
[Date "1992.??.??"]
[Round "1"]
[White "Dydyshko, Viacheslav"]
[Black "Galego, Luis"]
[Result "1-0"]
[WhiteElo "2500"]
[BlackElo "2405"]
[PlyCount "71"]
[EventDate "1992.11.??"]
[Source "ChessBase"]

1. d4 Nf6 2. c4 g6 3. Nc3 Bg7 4. e4 O-O 5. Be3 d6 6. f3 e5 7. d5 Nfd7 8. Qd2 f5 9. Bd3 a5 10. Nge2 Na6 11. exf5 gxf5 12. O-O f4 13. Bf2 Ndc5 14. Bc2 Qe8 15. Kh1 Qh5 16. a3 Bd7 17. Rae1 Kh8 18. Nb5 b6 19. b4 Nb7 20. Be4 Bf6 21. g4 Qe8 22. Bd3 Qd8 23. Rb1 Bh4 24. Bxh4 Qxh4 25. Qe1 Qe7 26. Rg1 c6 27. dxc6 Bxc6 28. Ned4 Be8 29. Nf5 Qf6 30. Be4 Rb8 31. Rd1 axb4 32. axb4 d5 33. Bxd5 Bg6 34. Bxb7 Rxb7 35. Rd6 Qf7 36. Qxe5+ 1-0

[Event "CZE-ch"]
[Site "Turnov"]
[Date "1996.??.??"]
[Round "9"]
[White "Haba, Petr"]
[Black "Nedela, Vlastimil"]
[Result "1-0"]
[WhiteElo "2455"]
[BlackElo "2445"]
[PlyCount "83"]
[EventDate "1996.??.??"]
[Source "ChessBase"]

1. d4 g6 2. c4 Bg7 3. e4 d6 4. Nc3 Nf6 5. f3 O-O 6. Be3 e5 7. d5 Nh5 8. Qd2 f5 9. O-O-O a6 10. Bd3 Nd7 11. Nge2 b5 12. exf5 bxc4 13. Bb1 gxf5 14. Ng3 Nf4 15. Nxf5 Rxf5 16. Bxf5 Nc5 17. Be4 Nfd3+ 18. Kb1 Rb8 19. b3 Nxb3 20. axb3 Rxb3+ 21. Ka1 c6 22. Rb1 Ra3+ 23. Na2 cxd5 24. Rb8 dxe4 25. fxe4 d5 26. Bh6 Bf6 27. Rf1 Be7 28. Qd1 Nf4 29. Bxf4 Rd3 30. Bd2 dxe4 31. Qc2 Qc7 32. Rfb1 Kg7 33. Bc3 Bf6 34. Nb4 Qxb8 35. Nxd3 cxd3 36. Rxb8 dxc2 37. Kb2 Be6 38. Rb7+ Kg6 39. Rb6 Bc4 40. Bxe5 Kf5 41. Bxf6 Be6 42. Bd4 1-0

[Event "NED Team Ch"]
[Site "NED"]
[Date "1993.??.??"]
[Round "5"]
[White "Van Gaalen, Bas"]
[Black "Nijboer, Friso"]
[Result "0-1"]
[WhiteElo "2390"]
[BlackElo "2505"]
[PlyCount "68"]
[EventDate "1993.??.??"]
[Source "www.chesslib.no"]
[SourceDate "2004.05.04"]

1. d4 Nf6 2. c4 g6 3. Nc3 Bg7 4. e4 d6 5. f3 O-O 6. Be3 e5 7. d5 Nh5 8. Qd2 f5 9. O-O-O a6 10. Kb1 Nf6 11. Bd3 c5 12. Nge2 f4 13. Bf2 Bd7 14. g3 fxg3 15. Nxg3 Ne8 16. Be3 b5 17. h4 Rxf3 18. Rdg1 Nf6 19. Nf5 Nxe4 20. Nxe4 Bxf5 21. Ng5 bxc4 22. Bxf5 Rxf5 23. Ne6 Qf6 24. h5 Nd7 25. hxg6 hxg6 26. Bg5 Qf7 27. Qh2 Nf6 28. Qg2 Rb8 29. Bd2 Rh5 30. Rf1 Rxh1 31. Qxh1 Qb7 32. Bc1 Qxd5 33. Qxd5 Nxd5 34. Rd1 Nc3+ 0-1

[Event "Lone Pine op"]
[Site "Lone Pine"]
[Date "1979.??.??"]
[Round "1"]
[White "Shamkovich, Leonid"]
[Black "Janosevic, Dragoljub"]
[Result "1-0"]
[WhiteElo "2495"]
[BlackElo "2400"]
[PlyCount "155"]
[EventDate "1979.03.??"]
[Source "ChessBase"]

1. c4 Nf6 2. Nc3 g6 3. e4 d6 4. d4 Bg7 5. f3 O-O 6. Be3 e5 7. d5 Nh5 8. Qd2 Qh4+ 9. Bf2 Qe7 10. Nge2 f5 11. exf5 gxf5 12. O-O-O Na6 13. Re1 Bd7 14. Ng3 Nxg3 15. hxg3 Nc5 16. Be3 a5 17. Qc2 Be8 18. g4 Bg6 19. Bxc5 fxg4 20. Bd3 dxc5 21. Bxg6 Qg5+ 22. Kd1 Qxg6 23. Qxg6 hxg6 24. fxg4 Rf4 25. Ne4 a4 26. g5 b5 27. g3 Rf5 28. cxb5 Rd8 29. Ke2 Rb8 30. Rc1 Rxb5 31. Rc2 Rf7 32. Rd1 c4 33. d6 Rd7 34. dxc7 Rxc7 35. Rd8+ Bf8 36. Ke3 Kg7 37. Nf6 Kf7 38. Ke4 Be7 39. Rd5 Rcc5 40. Rxc5 Rxc5 41. Nd7 Rb5 42. Nxe5+ Ke6 43. Nxg6 a3 44. bxa3 Rxg5 45. Nxe7 Kxe7 46. Kf4 Rc5 47. a4 Ke6 48. Ke4 Rg5 49. Rc3 Kd6 50. Kf4 Rc5 51. g4 Kd5 52. Ke3 Rc8 53. Kd2 Rh8 54. Rf3 Ke4 55. Rf5 Rh3 56. a5 Rg3 57. a6 Ra3 58. Rf6 Kd4 59. g5 Rxa2+ 60. Kc1 Kc3 61. Kb1 Rb2+ 62. Ka1 Rb5 63. g6 Rg5 64. Ka2 Kb4 65. Rb6+ Kc5 66. a7 Kxb6 67. a8=Q Rxg6 68. Ka3 Rc6 69. Kb4 Kc7 70. Kb5 Re6 71. Kxc4 Rc6+ 72. Kd5 Rd6+ 73. Kc5 Re6 74. Qd5 Ra6 75. Qf7+ Kb8 76. Kb5 Ra7 77. Qf8+ Kb7 78. Qd8 1-0

[Event "Bayamo"]
[Site "Bayamo"]
[Date "1989.??.??"]
[Round "11"]
[White "Matamoros Franco, Carlos S"]
[Black "Martin del Campo, Roberto"]
[Result "0-1"]
[WhiteElo "2440"]
[BlackElo "2455"]
[PlyCount "48"]
[EventDate "1989.03.??"]
[Source "www.chesslib.no"]
[SourceDate "2004.05.04"]

1. d4 Nf6 2. c4 g6 3. Nc3 Bg7 4. e4 d6 5. f3 O-O 6. Be3 Nbd7 7. Nh3 e5 8. d5 Nh5 9. g4 Nf4 10. Nxf4 exf4 11. Bxf4 f5 12. gxf5 gxf5 13. Qd2 Ne5 14. Be2 fxe4 15. Nxe4 Bf5 16. Ng3 Nd3+ 17. Bxd3 Bxd3 18. O-O-O Qh4 19. Qxd3 Rxf4 20. Ne4 Raf8 21. Rdf1 Qh5 22. Rhg1 Kh8 23. Rg3 Be5 24. Ng5 Rd4 0-1

[Event "Ostend Open"]
[Site "Ostend"]
[Date "1990.??.??"]
[Round "?"]
[White "Kohlweyer, Bernd"]
[Black "Piket, Jeroen"]
[Result "1/2-1/2"]
[WhiteElo "2395"]
[BlackElo "2495"]
[PlyCount "68"]
[EventDate "1990.09.??"]
[Source "www.chesslib.no"]
[SourceDate "2004.05.04"]

1. d4 d6 2. c4 g6 3. Nc3 Bg7 4. e4 Nf6 5. f3 O-O 6. Be3 e5 7. d5 Nh5 8. Qd2 Qh4+ 9. g3 Nxg3 10. Qf2 Nxf1 11. Qxh4 Nxe3 12. Qf2 Nxc4 13. O-O-O f5 14. Qe2 Bh6+ 15. Kb1 Ne3 16. Rd3 f4 17. Nd1 Nd7 18. Rc3 Nc5 19. Nf2 c6 20. dxc6 bxc6 21. Qd2 Rf6 22. Ne2 Bf8 23. Ka1 Rb8 24. Rhc1 Rf7 25. Nd1 Rfb7 26. b3 Nxd1 27. Rxd1 a5 28. Rxc5 dxc5 29. Qxa5 Be6 30. Nc1 c4 31. Rd8 cxb3 32. axb3 Rb5 33. Qc7 Rxd8 34. Qxd8 Bxb3 1/2-1/2

[Event "National Open"]
[Site "Las Vegas, NV USA"]
[Date "1993.??.??"]
[Round "4"]
[White "Dlugy, Maxim"]
[Black "Remlinger, Larry"]
[Result "1/2-1/2"]
[WhiteElo "2550"]
[BlackElo "2340"]
[PlyCount "59"]
[EventDate "1993.06.??"]
[Source "www.chesslib.no"]
[SourceDate "2004.05.04"]

1. d4 Nf6 2. c4 g6 3. Nc3 Bg7 4. e4 d6 5. f3 O-O 6. Be3 e5 7. d5 Nh5 8. Qd2 Qh4+ 9. Bf2 Qe7 10. O-O-O f5 11. Be3 Nd7 12. Bd3 Ndf6 13. Nge2 fxe4 14. Nxe4 Nxe4 15. Bxe4 Nf6 16. Ng3 Nxe4 17. Nxe4 Bd7 18. h4 h5 19. Ng5 Rad8 20. Kb1 c6 21. Ka1 c5 22. g4 e4 23. gxh5 exf3 24. hxg6 Rf5 25. h5 Re8 26. Ne6 Bxe6 27. h6 Bf6 28. dxe6 Qxe6 29. Bf2 Qxc4 30. Rde1 1/2-1/2